|
|
|
|
| LEADER |
00000nab a2200000 a 4500 |
| 001 |
vtls000088136 |
| 003 |
SK-MaSNL |
| 005 |
20260304072120.0 |
| 008 |
250423c1981 xo 0 slo |
| 015 |
|
|
|a SNBRB19rr/mm-uuuuu
|
| 035 |
|
|
|a CL0098239
|
| 035 |
|
|
|a urn:nbn:sk:snk-ab1bsu
|
| 035 |
|
|
|a (urnnbn)urn:nbn:sk:snk:ar-001sei
|
| 035 |
|
|
|a (uuid)e5a4037f-7c93-42ec-908e-288ec5a832dc
|
| 040 |
|
|
|a SNKBUCL
|b slo
|c SNKBUCL
|e AACR2
|
| 041 |
0 |
|
|a slo
|
| 044 |
|
|
|a xo
|c SK
|
| 080 |
|
|
|a 792.9
|2 1981
|
| 100 |
1 |
|
|a Silbiger-Sliuková, Dana,
|d 1953-
|4 aut
|9 248529
|
| 245 |
1 |
0 |
|a Poetické dielo
|c Dana Sliuková
|
| 300 |
|
|
|b Obr.
|
| 600 |
1 |
7 |
|a Speranskij, Jevgenij
|t Krása nevídaná
|2 snkbucl
|9 1225446
|
| 610 |
2 |
7 |
|a Bábkové divadlo v Košiciach
|2 snkbucl
|9 29577
|
| 650 |
0 |
7 |
|a bábkové hry
|2 snkbucl
|9 85271
|
| 655 |
|
7 |
|a recenzie
|2 snkbucl
|9 21907
|
| 655 |
|
7 |
|a články z novín a časopisov
|2 snkbucl
|9 267496
|
| 773 |
0 |
|
|t Film a divadlo
|g Roč. 25, č. 12 (1981), s. 28-29
|
| 850 |
|
|
|a Slovenská národná knižnica
|
| 852 |
|
|
|a Slovenská národná knižnica
|
| 954 |
|
|
|a odborná, vedecká literatúra pôvodná (slovenská)
|2 lita
|
| 958 |
|
|
|a article27
|
| 958 |
|
|
|a OND
|
| 958 |
|
|
|a EUIPO
|
| 992 |
|
|
|a RBX
|
| 999 |
|
|
|c 2764591
|d 2766521
|